000 00509nam a2200169 i 4500
001 62698
003 ES-MaACL
005 20230906164720.0
007 t|
008 031125s1975 sp ||||1| spa d
100 1 _aFernández Hernández, Máximo.
_949845
245 1 0 _aPsicología del trabajo
_b: la adaptación del hombre a su tarea /
_cMáximo Fernández Hernández.
250 _a[3ª ed.].
260 _aMadrid :
_bIndex,
_c[1975]
300 _a295 p. ;
_c25 cm.
852 _aES-MaACL
_jC-32963
_bR.93360
999 _c62698
_d62698